[Event "AUS-ch reserves"]
[Site "Melbourne"]
[Date "2002.01.02"]
[Round "5"]
[White "Beckman, John"]
[Black "Lycett, Garry"]
[Result "0-1"]
[WhiteElo "1512"]
[BlackElo "1711"]
[PlyCount "78"]
[EventDate "2001.12.28"]
[EventType "swiss"]
[EventRounds "11"]
[EventCountry "AUS"]
[SourceTitle "EXT 2003"]
[Source "ChessBase"]
[SourceDate "2002.11.25"]
[SourceVersion "1"]
[SourceVersionDate "2002.11.25"]
[SourceQuality "1"]

1. e4 c5 2. Nf3 d6 3. d4 cxd4 4. Nxd4 Nf6 5. Nc3 a6 6. Bg5 e6 7. Bd3 Nc6 8. Nxc6 bxc6 9. 0-0 Be7 10. Qd2 0-0 11. Kh1 Rb8 12. Rab1 Bb7 13. f3 Nd7 14. Be3 c5 15. f4 d5 16. exd5 exd5 17. Bg1 Bd6 18. Rbd1 Nf6 19. Qe1 Re8 20. Qh4 Qc7 21. Rf3 d4 22. Bxh7+ Kf8 23. Rfd3 Bxf4 24. Rf1 dxc3 25. Rxc3 Re2 26. Rf2 Rxf2 27. Bxf2 Bd6 28. Bf5 Qc6 29. Qh8+ Ng8 30. Rf3 Qd5 31. Bh7 Qd1+ 32. Bg1 Bxf3 33. Qxg8+ Ke7 34. Qxg7 Bd5 35. Bf5 Qh5 36. Bg4 Qg6 37. Qxg6 fxg6 38. b3 Rf8 39. Bf2 Rxf2 0-1

[Event "AUS-ch reserves"]
[Site "Melbourne"]
[Date "2001.12.31"]
[Round "4"]
[White "Lycett, Garry"]
[Black "Dizdarevic, Mehmedalija"]
[Result "0-1"]
[WhiteElo "1711"]
[BlackElo "2095"]
[PlyCount "64"]
[EventDate "2001.12.28"]
[EventType "swiss"]
[EventRounds "11"]
[EventCountry "AUS"]
[SourceTitle "EXT 2003"]
[Source "ChessBase"]
[SourceDate "2002.11.25"]
[SourceVersion "1"]
[SourceVersionDate "2002.11.25"]
[SourceQuality "1"]

1. e4 d6 2. d4 g6 3. Nf3 Bg7 4. Be3 Nf6 5. Bd3 0-0 6. 0-0 Nc6 7. c3 e5 8. d5 Ne7 9. c4 Ng4 10. Bc1 f5 11. Nc3 h6 12. Rb1 f4 13. b4 g5 14. h3 Nf6 15. Nh2 Ng6 16. Bd2 Rf7 17. Be2 Bf8 18. f3 h5 19. Be1 Rg7 20. Rb3 Nh8 21. h4 Nh7 22. Kh1 gxh4 23. Rg1 Rg3 24. Bf1 Ng6 25. Rb2 Kh8 26. Ne2 Qg5 27. Qa4 Nf6 28. Qd1 Bd7 29. Nc1 Be7 30. Nd3 Rg8 31. Bc3 h3 32. Ne1 h4 0-1

[Event "Box Hill CC-ch"]
[Site "Box Hill"]
[Date "2000.06.20"]
[Round "8.14"]
[White "Lycett, Garry"]
[Black "Lugo, Ruperto"]
[Result "0-1"]
[WhiteElo "1632"]
[BlackElo "1470"]
[PlyCount "84"]
[EventDate "2000.??.??"]
[EventType "swiss"]
[EventRounds "9"]
[EventCountry "AUS"]
[SourceTitle "EXT 2003"]
[Source "ChessBase"]
[SourceDate "2002.11.25"]
[SourceVersion "1"]
[SourceVersionDate "2002.11.25"]
[SourceQuality "1"]

1. e4 c5 2. Nf3 Nc6 3. d4 cxd4 4. Nxd4 g6 5. Nc3 Bg7 6. Be3 Nf6 7. Bc4 0-0 8. f3 Qb6 9. Bb3 Nxe4 10. Nxe4 Bxd4 11. Bh6 Bg7 12. Qd2 Qd4 13. Qf4 Qxb2 14. Rd1 Bxh6 15. Qxh6 Qg7 16. Qf4 Nd4 17. h4 d6 18. Nf6+ Qxf6 19. Qxf6 Nxc2+ 20. Bxc2 exf6 21. Rxd6 Re8+ 22. Kf2 Be6 23. Bb3 Bxb3 24. axb3 f5 25. h5 Re6 26. Rd7 Rb6 27. hxg6 hxg6 28. Rc1 Rxb3 29. Rcc7 Rf8 30. Rxb7 Rxb7 31. Rxb7 Ra8 32. Kg3 a5 33. Kf4 a4 34. Rb1 a3 35. Ra1 a2 36. g3 Ra4+ 37. Kg5 Kg7 38. f4 Ra3 39. Kh4 f6 40. g4 fxg4 41. Kxg4 Kf7 42. Kh4 Ke6 0-1

[Event "Box Hill CC-ch"]
[Site "Box Hill"]
[Date "2000.05.12"]
[Round "2.14"]
[White "Lycett, Garry"]
[Black "Stanning, Trevor"]
[Result "1/2-1/2"]
[WhiteElo "1632"]
[BlackElo "1581"]
[PlyCount "40"]
[EventDate "2000.??.??"]
[EventType "swiss"]
[EventRounds "9"]
[EventCountry "AUS"]
[SourceTitle "EXT 2003"]
[Source "ChessBase"]
[SourceDate "2002.11.25"]
[SourceVersion "1"]
[SourceVersionDate "2002.11.25"]
[SourceQuality "1"]

1. d4 f5 2. Nf3 g6 3. g3 Bg7 4. Bg2 Nf6 5. 0-0 c6 6. c3 0-0 7. Qc2 Kh8 8. Nbd2 d6 9. b3 Na6 10. Bb2 Nh5 11. Rfe1 f4 12. e4 b5 13. Rad1 Bd7 14. Bf1 Qc8 15. e5 fxg3 16. fxg3 Bf5 17. Bd3 Bg4 18. Be2 Bf5 19. Bd3 Bg4 20. Be2 Bf5 1/2-1/2

[Event "Box Hill CC-ch"]
[Site "Box Hill"]
[Date "2000.05.05"]
[Round "1.20"]
[White "Basnayake, Thilini"]
[Black "Lycett, Garry"]
[Result "1/2-1/2"]
[WhiteElo "1431"]
[BlackElo "1632"]
[PlyCount "89"]
[EventDate "2000.??.??"]
[EventType "swiss"]
[EventRounds "9"]
[EventCountry "AUS"]
[SourceTitle "EXT 2003"]
[Source "ChessBase"]
[SourceDate "2002.11.25"]
[SourceVersion "1"]
[SourceVersionDate "2002.11.25"]
[SourceQuality "1"]

1. e4 c5 2. Nf3 d6 3. d4 cxd4 4. Nxd4 Nf6 5. Nc3 a6 6. Be2 g6 7. 0-0 Bg7 8. Kh1 Nc6 9. Nb3 0-0 10. f4 Qc7 11. a4 b6 12. Bf3 Bb7 13. Be3 e6 14. Nd2 Ne7 15. Qe2 d5 16. exd5 Nfxd5 17. Nxd5 Bxd5 18. c3 Bxf3 19. Rxf3 Nd5 20. Raf1 b5 21. axb5 axb5 22. Nb3 Nxe3 23. Rxe3 Ra2 24. Rf2 Rd8 25. h3 Qc4 26. Qxc4 bxc4 27. Nc5 Bf8 28. Ne4 Kg7 29. Ree2 h6 30. g4 Rd3 31. Kg2 f5 32. Ng3 Bc5 33. Rf3 Rd1 34. Rf1 Rd3 35. Rb1 Kf6 36. Rbe1 Ra6 37. Nf1 Rad6 38. Ra1 g5 39. fxg5+ hxg5 40. gxf5 exf5 41. Ng3 Rc6 42. Rf1 f4 43. Ne4+ Kf5 44. Nxc5 Rxc5 45. Rf3 1/2-1/2

[Event "Box Hill Autumn Cup"]
[Site "Box Hill"]
[Date "2000.03.14"]
[Round "6.47"]
[White "Lycett, Garry"]
[Black "Basnayake, Thilini"]
[Result "0-1"]
[WhiteElo "1514"]
[BlackElo "1301"]
[PlyCount "98"]
[EventDate "2000.??.??"]
[EventType "swiss"]
[EventRounds "9"]
[EventCountry "AUS"]
[SourceTitle "EXT 2003"]
[Source "ChessBase"]
[SourceDate "2002.11.25"]
[SourceVersion "1"]
[SourceVersionDate "2002.11.25"]
[SourceQuality "1"]

1. d4 d5 2. c4 e6 3. Nc3 Nf6 4. Bg5 Be7 5. e3 Nbd7 6. Nf3 c6 7. Bd3 0-0 8. 0-0 dxc4 9. Bxc4 Nd5 10. Bxe7 Qxe7 11. a3 b5 12. Nxd5 exd5 13. Bd3 Nf6 14. Rc1 Qd6 15. Ne5 Bb7 16. Rc5 Nd7 17. Nxd7 Qxd7 18. Qc2 g6 19. Rc1 Rfe8 20. Bxb5 cxb5 21. Rc7 Qxc7 22. Qxc7 Rac8 23. h3 Rxc7 24. Rxc7 Rb8 25. Kf1 a6 26. Ke2 Bc8 27. b4 Be6 28. Rc6 Ra8 29. Kf3 Kf8 30. Kf4 Ke7 31. f3 Kd7 32. Rc5 f5 33. g4 fxg4 34. hxg4 Rf8+ 35. Kg3 Re8 36. Rc1 Bg8 37. Kf2 g5 38. Ke2 Bf7 39. Rh1 Bg6 40. Rc1 Kd6 41. Kf2 Bd3 42. Rc3 Bg6 43. Ke1 Rf8 44. Ke2 h5 45. Rc1 hxg4 46. fxg4 Be4 47. Rg1 Rc8 48. Ra1 Rc2+ 49. Kf1 Rh2 0-1

[Event "Begonia op 34th"]
[Site "Ballarat"]
[Date "2000.03.12"]
[Round "3"]
[White "Lycett, Garry"]
[Black "Tsagarakis, Angelo"]
[Result "0-1"]
[WhiteElo "1514"]
[BlackElo "1795"]
[PlyCount "96"]
[EventDate "2000.03.11"]
[EventType "swiss"]
[EventRounds "7"]
[EventCountry "AUS"]
[SourceTitle "EXT 2001"]
[Source "ChessBase"]
[SourceDate "2000.11.22"]
[SourceVersion "1"]
[SourceVersionDate "2000.11.22"]
[SourceQuality "1"]

1. d4 c5 2. dxc5 Qa5+ 3. Nc3 Qxc5 4. e4 Nf6 5. Bd3 g6 6. Be3 Qa5 7. Nge2 Bg7 8. 0-0 0-0 9. Ng3 Nc6 10. f4 d6 11. f5 Bd7 12. Kh1 Rac8 13. h3 Ne5 14. Bd2 Qb6 15. Rb1 a6 16. Qe2 Bc6 17. Qf2 Qxf2 18. Rxf2 b5 19. a3 Bb7 20. Nf1 Nc4 21. Bxc4 Rxc4 22. e5 dxe5 23. fxg6 hxg6 24. Ng3 Nd7 25. Rd1 f5 26. Bg5 Nf6 27. Rfd2 f4 28. Nge2 f3 29. gxf3 Bxf3+ 30. Kg1 Bc6 31. Rd3 a5 32. Re3 b4 33. axb4 axb4 34. Na2 Nd5 35. Red3 e6 36. c3 Rf5 37. Bd2 e4 38. Rg3 Be5 39. Rxg6+ Kf7 40. Rg4 Nf6 41. Rh4 bxc3 42. bxc3 Rf3 43. Rf1 e3 44. Be1 Rxh4 45. Bxh4 Bh2+ 46. Kxh2 Rxf1 47. Nb4 Bb7 48. Nc2 Nh5 0-1